| 000 | 00394nam a22001577a 4500 | ||
|---|---|---|---|
| 003 | NUST - PNEC | ||
| 005 | 20170116181102.0 | ||
| 008 | 151003b xxu||||| |||| 00| 0 eng d | ||
| 040 | _cLIBRARY | ||
| 082 | _a627 SHA | ||
| 100 |
_912431 _aBala |
||
| 245 |
_aSolution of problems in applied mechanics _cBala |
||
| 260 | _c1991 | ||
| 650 |
_912430 _aMechanical engineering _xME |
||
| 942 |
_2ddc _cBK |
||
| 999 |
_c68796 _d68796 |
||